[Event "ABC 2024 Utrecht, Groep B"]
[Site "Utrecht"]
[Date "2024.03.09"]
[Round "1.9"]
[White "Frederiks, Jesse"]
[Black "Rantz, Thomas"]
[Result "1-0"]
[WhiteElo "1893"]
[BlackElo "1632"]

1. d4 {[%emt 12:34:13]} d5 {[%emt 00:00:10]} 2. c4 {[%emt 00:00:05]} e6 {[%emt
00:00:03]} 3. Nc3 {[%emt 00:00:16]} Nf6 {[%emt 00:00:36]} 4. Nf3 {[%emt
00:00:16]} Be7 {[%emt 00:00:21]} 5. Bg5 {[%emt 00:00:28]} h6 {[%emt 00:00:23]}
6. Bh4 {[%emt 00:00:05]} O-O {[%emt 00:01:13]} 7. e3 {[%emt 00:00:38]} c6
{[%emt 00:01:36]} 8. Qc2 {[%emt 00:02:18]} Nbd7 {[%emt 00:02:14]} 9. Be2 {[%emt
00:02:17]} dxc4 {[%emt 00:02:38]} 10. Bxc4 {[%emt 00:00:40]} Nb6 {[%emt
00:00:08]} 11. Be2 {[%emt 00:02:38]} Nbd5 {[%emt 00:01:25]} 12. O-O {[%emt
00:02:32]} Qc7 {[%emt 00:02:53]} 13. Bg3 {[%emt 00:04:55]} Bd6 {[%emt
00:01:36]} 14. e4 {[%emt 00:04:50]} Bxg3 {[%emt 00:02:29]} 15. hxg3 {[%emt
00:01:20]} Nb6 {[%emt 00:01:10]} 16. Rfd1 {[%emt 00:05:27]} Rd8 {[%emt
00:04:40]} 17. Rac1 {[%emt 00:01:52]} Qe7 {[%emt 00:01:21]} 18. Nh2 {[%emt
00:04:15]} Bd7 {[%emt 00:02:33]} 19. f4 {[%emt 00:01:30]} Be8 {[%emt 00:03:31]}
20. Kh1 {[%emt 00:05:57]} Kh8 {[%emt 00:01:10]} 21. g4 {[%emt 00:02:00]} Kg8
{[%emt 00:02:49]} 22. f5 {[%emt 00:01:00]} Bd7 {[%emt 00:05:29]} 23. Bf3 {[%emt
00:00:34]} exf5 {[%emt 00:03:12]} 24. gxf5 {[%emt 00:00:29]} Ne8 {[%emt
00:03:56]} 25. e5 {[%emt 00:01:04]} Qg5 {[%emt 00:01:03]} 26. g4 {[%emt
00:01:58]} Nc7 {[%emt 00:03:14]} 27. Qf2 {[%emt 00:01:09]} Be8 {[%emt
00:02:10]} 28. f6 {[%emt 00:02:53]} gxf6 {[%emt 00:01:08]} 29. Ne4 {[%emt
00:00:09]} Qf4 {[%emt 00:01:22]} 30. Nxf6+ {[%emt 00:00:09]} Kh8 {[%emt
00:00:04]} 31. Qc2 {[%emt 00:00:48]} Qxf6 {[%emt 00:02:37]} 32. exf6 {[%emt
00:00:19]} Nbd5 {[%emt 00:00:04]} 33. Bxd5 {[%emt 00:00:28]} Nxd5 {[%emt
00:00:07]} 34. Qf5 {[%emt 00:00:10]} Bd7 {[%emt 00:00:27]} 35. Qh5 {[%emt
00:00:07]} Nxf6 {[%emt 00:00:30]} 36. Qxh6+ {[%emt 00:00:03]} Nh7 {[%emt
00:00:02]} 37. Rc3 {[%emt 00:00:28]} Be6 {[%emt 00:00:21]} 38. Rh3 {[%emt
00:00:08]} Bd5+ {[%emt 00:00:02]} 39. Kg1 {[%emt 00:00:07]} Be4 {[%emt
00:00:04]} 40. Nf3 {[%emt 00:00:36]} Re8 {[%emt 00:00:44]} 41. Ng5 {[%emt
00:00:12]} Re6 {[%emt 00:00:10]} 42. Nxe6 {[%emt 00:00:10]} fxe6 {[%emt
00:00:02]} 43. Qf6+ {[%emt 00:00:26]} Kg8 44. Qxe6+ Kf8 {[%emt 00:00:07]} 45.
Rf1+ {[%emt 00:00:06]} Kg7 {[%emt 00:00:08]} 46. Rf7+ {[%emt 00:00:07]} Kg8
{[%emt 00:00:12]} 47. Rfxh7+ {[%emt 00:00:06]} 1-0

[Event "ABC 2024 Utrecht, Groep B"]
[Site "Utrecht"]
[Date "2024.03.09"]
[Round "1.10"]
[White "Omnes, Tiago"]
[Black "Kool, Jesper"]
[Result "1-0"]
[WhiteElo "1676"]
[BlackElo "1900"]

1. e4 {[%clk 00:55:18]} e5 {[%clk 00:55:14]} {[%emt 00:00:08]} 2. Nf3 {[%clk
00:55:22]} {[%emt 00:00:05]} Nc6 {[%clk 00:55:20]} {[%emt 00:00:04]} 3. d4
{[%clk 00:55:21]} {[%emt 00:00:11]} exd4 {[%clk 00:55:27]} {[%emt 00:00:04]} 4.
Bc4 {[%clk 00:55:22]} {[%emt 00:00:08]} Nf6 {[%clk 00:55:29]} {[%emt 00:00:08]}
5. e5 {[%clk 00:55:25]} {[%emt 00:00:06]} d5 {[%clk 00:55:29]} {[%emt
00:00:11]} 6. Bb5 {[%clk 00:55:29]} {[%emt 00:00:06]} Ne4 {[%clk 00:55:18]}
{[%emt 00:00:22]} 7. Nxd4 {[%clk 00:55:30]} {[%emt 00:00:08]} Bd7 {[%clk
00:54:57]} {[%emt 00:00:31]} 8. Bxc6 {[%clk 00:55:28]} {[%emt 00:00:12]} bxc6
{[%clk 00:53:59]} {[%emt 00:01:09]} 9. O-O {[%clk 00:55:26]} {[%emt 00:00:11]}
Bc5 {[%clk 00:51:02]} {[%emt 00:03:07]} 10. Be3 {[%clk 00:55:27]} {[%emt
00:00:08]} O-O {[%clk 00:48:45]} {[%emt 00:02:29]} 11. f3 {[%clk 00:55:31]}
{[%emt 00:00:05]} Ng5 {[%clk 00:48:00]} {[%emt 00:00:56]} 12. f4 {[%clk
00:55:29]} {[%emt 00:00:11]} Ne4 {[%clk 00:44:12]} {[%emt 00:03:58]} 13. Nd2
{[%clk 00:55:16]} {[%emt 00:00:23]} Bxd4 {[%clk 00:43:26]} {[%emt 00:00:56]} 14.
Bxd4 {[%clk 00:55:05]} {[%emt 00:00:21]} Bf5 {[%clk 00:42:22]} {[%emt
00:01:14]} 15. Nxe4 {[%clk 00:52:56]} {[%emt 00:02:18]} Bxe4 {[%clk 00:42:04]}
{[%emt 00:00:29]} 16. f5 {[%clk 00:50:47]} {[%emt 00:02:19]} Qg5 {[%clk
00:40:45]} {[%emt 00:01:30]} 17. Qe2 {[%clk 00:40:26]} {[%emt 00:10:30]} Bxf5
{[%clk 00:39:33]} {[%emt 00:01:22]} 18. Be3 {[%clk 00:38:45]} {[%emt 00:01:49]}
Qg6 {[%clk 00:39:11]} {[%emt 00:00:34]} 19. Rf4 {[%clk 00:37:26]} {[%emt
00:01:28]} Rfe8 {[%clk 00:35:27]} {[%emt 00:03:55]} 20. Bd4 {[%clk 00:34:54]}
{[%emt 00:02:41]} Bxc2 {[%clk 00:28:50]} {[%emt 00:06:48]} 21. Rg4 {[%clk
00:34:24]} {[%emt 00:00:40]} Qd3 {[%clk 00:26:16]} {[%emt 00:02:44]} 22. Qf2
{[%clk 00:32:32]} {[%emt 00:02:01]} Qf5 {[%clk 00:22:23]} {[%emt 00:04:03]} 23.
Qg3 {[%clk 00:31:10]} {[%emt 00:01:32]} g6 {[%clk 00:20:16]} {[%emt 00:02:18]}
24. Rf1 {[%clk 00:31:10]} {[%emt 00:00:09]} Qd3 {[%clk 00:15:16]} {[%emt
00:05:12]} 25. Qf4 {[%clk 00:30:36]} {[%emt 00:00:42]} Re7 {[%clk 00:09:58]}
{[%emt 00:05:29]} 26. Qf6 {[%clk 00:30:22]} {[%emt 00:00:25]} c5 {[%clk
00:06:26]} {[%emt 00:03:42]} 27. Qxe7 {[%clk 00:29:25]} {[%emt 00:01:06]} cxd4
{[%clk 00:06:00]} {[%emt 00:00:36]} 28. Qxf7+ {[%clk 00:29:27]} {[%emt
00:00:08]} Kh8 {[%clk 00:05:56]} {[%emt 00:00:14]} 29. Rh4 {[%clk 00:29:20]}
{[%emt 00:00:17]} Qe3+ {[%clk 00:05:14]} {[%emt 00:00:53]} 30. Kh1 {[%clk
00:29:16]} {[%emt 00:00:13]} g5 {[%clk 00:05:14]} {[%emt 00:00:11]} 31. Qf6+
{[%clk 00:28:48]} {[%emt 00:00:37]} Kg8 {[%clk 00:05:00]} {[%emt 00:00:25]} 32.
Rh5 {[%clk 00:28:17]} {[%emt 00:00:40]} Bg6 {[%clk 00:03:54]} {[%emt 00:01:15]}
33. Qe6+ {[%clk 00:27:25]} {[%emt 00:01:03]} Kg7 {[%clk 00:03:48]} {[%emt
00:00:17]} 34. Qf6+ {[%clk 00:25:38]} {[%emt 00:01:56]} Kg8 {[%clk 00:03:50]}
{[%emt 00:00:08]} 35. Rxg5 {[%clk 00:25:27]} {[%emt 00:00:20]} Qe4 {[%clk
00:03:03]} {[%emt 00:00:58]} 36. e6 {[%clk 00:24:52]} {[%emt 00:00:45]} Re8
{[%clk 00:01:39]} {[%emt 00:01:34]} 37. Re5 {[%clk 00:21:26]} {[%emt 00:03:35]}
Qc2 {[%clk 00:01:17]} {[%emt 00:00:32]} 38. e7 {[%clk 00:21:16]} {[%emt
00:00:21]} Qc5 {[%clk 00:01:23]} {[%emt 00:00:04]} 39. Rxd5 {[%clk 00:19:49]}
{[%emt 00:01:37]} Qxe7 {[%clk 00:01:03]} {[%emt 00:00:31]} 40. Qxe7 {[%clk
00:19:52]} {[%emt 00:00:06]} Rxe7 {[%clk 00:01:12]} {[%emt 00:00:02]} 41. Rxd4
{[%clk 00:19:55]} {[%emt 00:00:07]} c5 {[%clk 00:01:12]} {[%emt 00:00:09]} 42.
Rc4 {[%clk 00:19:24]} {[%emt 00:00:41]} Bd3 {[%clk 00:01:10]} {[%emt 00:00:12]}
43. Rg4+ {[%clk 00:19:29]} {[%emt 00:00:05]} Bg6 {[%clk 00:01:19]} {[%emt
00:00:02]} 44. h4 {[%clk 00:19:21]} {[%emt 00:00:18]} Kh8 {[%clk 00:01:03]}
{[%emt 00:00:26]} 45. h5 {[%clk 00:19:23]} {[%emt 00:00:07]} Bf7 {[%clk
00:01:11]} {[%emt 00:00:02]} 46. h6 {[%clk 00:18:53]} {[%emt 00:00:39]} Rb7
{[%clk 00:00:13]} {[%emt 00:01:09]} 47. Rg7 {[%clk 00:18:52]} {[%emt 00:00:11]}
1-0

[Event "ABC 2024 Utrecht, Groep B"]
[Site "Utrecht"]
[Date "2024.03.09"]
[Round "1.11"]
[White "Darie, Aden"]
[Black "Luong, Thao"]
[Result "1-0"]
[WhiteElo "1900"]
[BlackElo "1677"]

1. e4 {[%clk 00:55:18]} {[%emt 00:00:02]} e5 {[%clk 00:55:18]} {[%emt
00:00:03]} 2. Nf3 {[%clk 00:55:21]} {[%emt 00:00:06]} Nc6 {[%clk 00:55:25]}
{[%emt 00:00:04]} 3. Bb5 {[%clk 00:55:23]} {[%emt 00:00:07]} Nf6 {[%clk
00:55:06]} {[%emt 00:00:29]} 4. O-O {[%clk 00:55:24]} {[%emt 00:00:09]} d6
{[%clk 00:55:01]} {[%emt 00:00:16]} 5. Re1 {[%clk 00:55:17]} {[%emt 00:00:15]}
a6 {[%clk 00:54:31]} {[%emt 00:00:42]} 6. Ba4 {[%clk 00:55:19]} {[%emt
00:00:08]} b5 {[%clk 00:54:12]} {[%emt 00:00:29]} 7. Bb3 {[%clk 00:55:20]}
{[%emt 00:00:08]} Bg4 {[%clk 00:53:57]} {[%emt 00:00:26]} 8. c3 {[%clk
00:53:48]} {[%emt 00:01:40]} Qd7 {[%clk 00:53:18]} {[%emt 00:00:50]} 9. h3
{[%clk 00:52:54]} {[%emt 00:01:04]} Bh5 {[%clk 00:52:56]} {[%emt 00:00:32]} 10.
a4 {[%clk 00:51:34]} {[%emt 00:01:30]} b4 {[%clk 00:51:46]} {[%emt 00:01:21]}
11. a5 {[%clk 00:48:36]} {[%emt 00:03:06]} Be7 {[%clk 00:49:47]} {[%emt
00:02:10]} 12. Ba4 {[%clk 00:47:51]} {[%emt 00:00:55]} Rb8 {[%clk 00:46:56]}
{[%emt 00:03:02]} 13. d4 {[%clk 00:47:36]} {[%emt 00:00:24]} exd4 {[%clk
00:41:34]} {[%emt 00:05:34]} 14. cxd4 {[%clk 00:47:26]} {[%emt 00:00:18]} Bxf3
{[%clk 00:38:37]} {[%emt 00:03:07]} 15. Qxf3 {[%clk 00:47:05]} {[%emt
00:00:30]} d5 {[%clk 00:37:47]} {[%emt 00:01:01]} 16. exd5 {[%clk 00:46:08]}
{[%emt 00:01:08]} Nxd5 {[%clk 00:34:57]} {[%emt 00:03:00]} 17. Re5 {[%clk
00:45:53]} {[%emt 00:00:24]} Rd8 {[%clk 00:32:10]} {[%emt 00:02:57]} 18. Qxd5
{[%clk 00:45:54]} {[%emt 00:00:08]} Qxd5 {[%clk 00:30:28]} {[%emt 00:01:53]} 19.
Rxd5 {[%clk 00:45:56]} {[%emt 00:00:08]} Rxd5 {[%clk 00:29:23]} {[%emt
00:01:16]} 20. Bxc6+ {[%clk 00:46:01]} {[%emt 00:00:05]} Rd7 {[%clk 00:29:19]}
{[%emt 00:00:14]} 21. Nd2 {[%clk 00:45:44]} {[%emt 00:00:26]} Kd8 {[%clk
00:28:28]} {[%emt 00:01:01]} 22. Bxd7 {[%clk 00:45:47]} {[%emt 00:00:07]} Kxd7
{[%clk 00:28:28]} {[%emt 00:00:10]} 23. Ne4 {[%clk 00:44:56]} {[%emt 00:01:01]}
Rd8 {[%clk 00:27:40]} {[%emt 00:00:58]} 24. Bf4 {[%clk 00:43:27]} {[%emt
00:01:38]} Kc8 {[%clk 00:27:12]} {[%emt 00:00:39]} 25. Rd1 {[%clk 00:42:19]}
{[%emt 00:01:17]} c5 {[%clk 00:26:49]} {[%emt 00:00:35]} 26. d5 {[%clk
00:42:19]} {[%emt 00:00:09]} b3 {[%clk 00:25:54]} {[%emt 00:01:06]} 27. d6
{[%clk 00:42:20]} {[%emt 00:00:09]} Bf6 {[%clk 00:25:23]} {[%emt 00:00:41]} 28.
Nxc5 {[%clk 00:41:49]} {[%emt 00:00:40]} Bxb2 {[%clk 00:24:37]} {[%emt
00:00:56]} 29. d7+ {[%clk 00:41:52]} {[%emt 00:00:06]} Rxd7 {[%clk 00:24:32]}
{[%emt 00:00:17]} 30. Rxd7 {[%clk 00:41:54]} Be5 {[%clk 00:24:12]} {[%emt
00:00:38]} 31. Bxe5 {[%clk 00:41:48]} {[%emt 00:00:15]} b2 {[%clk 00:24:06]}
{[%emt 00:00:17]} 32. Rb7 {[%clk 00:41:32]} {[%emt 00:00:25]} b1=Q+ {[%clk
00:23:18]} {[%emt 00:00:59]} 33. Rxb1 {[%clk 00:41:30]} Kd8 {[%clk 00:23:11]}
{[%emt 00:00:29]} 34. Bd6 {[%clk 00:41:31]} {[%emt 00:00:08]} f6 {[%clk
00:22:41]} {[%emt 00:00:41]} 35. Rb8# {[%clk 00:41:34]} {[%emt 00:00:07]} 1-0

[Event "ABC 2024 Utrecht, Groep B"]
[Site "Utrecht"]
[Date "2024.03.09"]
[Round "1.12"]
[White "Okita, Ryoga"]
[Black "Seth, Aakrit"]
[Result "1/2-1/2"]
[WhiteElo "1690"]
[BlackElo "1914"]

1. e4 {[%clk 00:55:16]} {[%emt 00:00:04]} c5 {[%clk 00:55:16]} {[%emt
00:00:05]} 2. Nc3 {[%clk 00:55:22]} {[%emt 00:00:05]} g6 {[%clk 00:55:18]}
{[%emt 00:00:06]} 3. f4 {[%clk 00:55:26]} {[%emt 00:00:06]} Bg7 {[%clk
00:54:51]} {[%emt 00:00:37]} 4. Nf3 {[%clk 00:55:23]} {[%emt 00:00:14]} Nc6
{[%clk 00:53:45]} {[%emt 00:01:15]} 5. Bc4 {[%clk 00:55:16]} {[%emt 00:00:17]}
d6 {[%clk 00:53:00]} {[%emt 00:00:56]} 6. O-O {[%clk 00:54:27]} {[%emt
00:00:58]} Nf6 {[%clk 00:52:07]} {[%emt 00:01:03]} 7. d3 {[%clk 00:54:18]}
{[%emt 00:00:20]} O-O {[%clk 00:51:17]} {[%emt 00:00:59]} 8. Qe1 {[%clk
00:53:41]} {[%emt 00:00:48]} Nd4 {[%clk 00:39:29]} {[%emt 00:11:58]} 9. Nxd4
{[%clk 00:52:31]} {[%emt 00:01:18]} cxd4 {[%clk 00:39:33]} {[%emt 00:00:08]} 10.
Ne2 {[%clk 00:52:05]} {[%emt 00:00:36]} d5 {[%clk 00:33:54]} {[%emt 00:05:49]}
11. exd5 {[%clk 00:51:18]} {[%emt 00:00:57]} Nxd5 {[%clk 00:33:49]} {[%emt
00:00:14]} 12. Qg3 {[%clk 00:50:05]} {[%emt 00:01:24]} e6 {[%clk 00:29:04]}
{[%emt 00:04:54]} 13. h4 {[%clk 00:48:17]} {[%emt 00:01:58]} h5 {[%clk
00:28:45]} {[%emt 00:00:29]} 14. Bxd5 {[%clk 00:45:28]} {[%emt 00:02:59]} Qxd5
{[%clk 00:22:30]} {[%emt 00:06:25]} 15. Qg5 {[%clk 00:45:01]} {[%emt 00:00:37]}
Qc6 {[%clk 00:20:23]} {[%emt 00:02:12]} 16. c3 {[%clk 00:44:01]} {[%emt
00:01:16]} dxc3 {[%clk 00:19:15]} {[%emt 00:01:17]} 17. bxc3 {[%clk 00:43:11]}
{[%emt 00:01:01]} Bxc3 {[%clk 00:14:54]} {[%emt 00:04:30]} 18. Nxc3 {[%clk
00:43:13]} {[%emt 00:00:09]} Qxc3 {[%clk 00:14:56]} {[%emt 00:00:07]} 19. Rb1
{[%clk 00:43:00]} {[%emt 00:00:23]} Qxd3 {[%clk 00:13:19]} {[%emt 00:01:47]} 20.
Bb2 {[%clk 00:42:23]} {[%emt 00:00:47]} Qf5 {[%clk 00:12:21]} {[%emt 00:01:06]}
21. Qh6 {[%clk 00:37:47]} {[%emt 00:04:48]} f6 {[%clk 00:12:15]} {[%emt
00:00:14]} 22. Rfd1 {[%clk 00:37:31]} {[%emt 00:00:28]} b6 {[%clk 00:10:28]}
{[%emt 00:01:58]} 23. Rbc1 {[%clk 00:37:23]} {[%emt 00:00:17]} 1/2-1/2

[Event "ABC 2024 Utrecht, Groep B"]
[Site "Utrecht"]
[Date "2024.03.09"]
[Round "2.1"]
[White "Okita, Shinsaku"]
[Black "Roolvink, William"]
[Result "0-1"]
[WhiteElo "1833"]
[BlackElo "1977"]

1. e4 {[%clk 00:55:19]} {[%emt 00:00:01]} c6 {[%clk 00:55:18]} {[%emt
00:00:02]} 2. d4 {[%clk 00:55:26]} {[%emt 00:00:03]} d5 {[%clk 00:55:25]}
{[%emt 00:00:04]} 3. exd5 {[%clk 00:55:33]} {[%emt 00:00:02]} cxd5 {[%clk
00:55:27]} {[%emt 00:00:08]} 4. Bd3 {[%clk 00:55:39]} {[%emt 00:00:04]} Nc6
{[%clk 00:55:33]} {[%emt 00:00:04]} 5. c3 {[%clk 00:55:45]} {[%emt 00:00:04]}
Nf6 {[%clk 00:55:40]} {[%emt 00:00:02]} 6. Bf4 {[%clk 00:55:44]} {[%emt
00:00:12]} Bg4 {[%clk 00:55:47]} {[%emt 00:00:03]} 7. Qb3 {[%clk 00:54:47]}
{[%emt 00:01:07]} e5 {[%clk 00:55:53]} {[%emt 00:00:03]} 8. Bg3 {[%clk
00:48:41]} {[%emt 00:06:16]} Qe7 {[%clk 00:43:54]} {[%emt 00:12:09]} 9. dxe5
{[%clk 00:45:53]} {[%emt 00:02:59]} Nxe5 {[%clk 00:42:59]} {[%emt 00:01:05]} 10.
Bxe5 {[%clk 00:45:22]} {[%emt 00:00:40]} Qxe5+ {[%clk 00:43:06]} {[%emt
00:00:03]} 11. Ne2 {[%clk 00:45:00]} {[%emt 00:00:32]} O-O-O {[%clk 00:38:03]}
{[%emt 00:05:15]} 12. Nd2 {[%clk 00:42:22]} {[%emt 00:02:47]} Ne4 {[%clk
00:25:43]} {[%emt 00:12:29]} 13. Nxe4 {[%clk 00:39:01]} {[%emt 00:03:32]} Bxe2
{[%clk 00:25:24]} {[%emt 00:00:29]} 14. Bxe2 {[%clk 00:29:08]} {[%emt
00:10:03]} Qxe4 {[%clk 00:25:21]} {[%emt 00:00:13]} 15. f3 {[%clk 00:28:39]}
{[%emt 00:00:39]} Qe3 {[%clk 00:24:23]} {[%emt 00:01:07]} 16. c4 {[%clk
00:28:19]} {[%emt 00:00:32]} Qe5 {[%clk 00:21:42]} {[%emt 00:02:49]} 17. Rd1
{[%clk 00:27:02]} {[%emt 00:01:28]} Bc5 {[%clk 00:18:08]} {[%emt 00:03:44]} 18.
cxd5 {[%clk 00:23:24]} {[%emt 00:03:49]} Rhe8 {[%clk 00:17:54]} {[%emt
00:00:21]} 19. Qc4 {[%clk 00:22:33]} {[%emt 00:01:03]} Qe3 {[%clk 00:10:16]}
{[%emt 00:07:48]} 20. Rd2 {[%clk 00:19:54]} {[%emt 00:02:50]} Kb8 {[%clk
00:08:46]} {[%emt 00:01:39]} 21. Kd1 {[%clk 00:18:32]} {[%emt 00:01:33]} Rc8
{[%clk 00:07:59]} {[%emt 00:00:55]} 22. Qd3 {[%clk 00:17:33]} {[%emt 00:01:10]}
Qe5 {[%clk 00:06:09]} {[%emt 00:02:00]} 23. a3 {[%clk 00:15:46]} {[%emt
00:01:58]} Be3 {[%clk 00:05:51]} {[%emt 00:00:27]} 24. Rc2 {[%clk 00:14:53]}
{[%emt 00:01:03]} Bh6 {[%clk 00:02:05]} {[%emt 00:03:54]} 25. f4 {[%clk
00:12:42]} {[%emt 00:02:22]} Rxc2 {[%clk 00:01:04]} {[%emt 00:01:12]} 26. Qxc2
{[%clk 00:12:39]} {[%emt 00:00:13]} Bxf4 {[%clk 00:01:06]} {[%emt 00:00:08]} 27.
Qb3 {[%clk 00:10:26]} {[%emt 00:02:23]} Rc8 {[%clk 00:00:46]} {[%emt 00:00:29]}
28. Bc4 {[%clk 00:10:25]} {[%emt 00:00:12]} Qd4+ {[%clk 00:00:38]} {[%emt
00:00:18]} 29. Ke2 {[%clk 00:09:40]} {[%emt 00:00:55]} Rxc4 {[%clk 00:00:23]}
{[%emt 00:00:25]} 30. Rd1 {[%clk 00:08:59]} {[%emt 00:00:51]} Qe4+ {[%clk
00:00:30]} {[%emt 00:00:04]} 31. Kf1 {[%clk 00:08:34]} {[%emt 00:00:34]} Bxh2
{[%clk 00:00:20]} {[%emt 00:00:20]} 32. g3 {[%clk 00:07:27]} {[%emt 00:01:18]}
Qh1+ {[%clk 00:00:18]} {[%emt 00:00:11]} 33. Kf2 {[%clk 00:05:27]} {[%emt
00:02:11]} Qe4 {[%clk 00:00:23]} {[%emt 00:00:04]} 34. Rd2 {[%clk 00:02:44]}
{[%emt 00:02:53]} Rc1 {[%clk 00:00:25]} {[%emt 00:00:08]} 35. Qf3 {[%clk
00:01:35]} {[%emt 00:01:19]} Bg1+ {[%clk 00:00:18]} {[%emt 00:00:18]} 36. Kg2
{[%clk 00:01:43]} {[%emt 00:00:02]} Qxf3+ {[%clk 00:00:19]} {[%emt 00:00:08]}
37. Kxf3 {[%clk 00:01:51]} {[%emt 00:00:02]} Bc5 {[%clk 00:00:16]} {[%emt
00:00:12]} 38. d6 {[%clk 00:01:49]} {[%emt 00:00:13]} Kc8 {[%clk 00:00:21]}
{[%emt 00:00:06]} 39. b4 {[%clk 00:01:58]} {[%emt 00:00:01]} Bb6 {[%clk
00:00:23]} {[%emt 00:00:07]} 40. Ke4 {[%clk 00:01:42]} {[%emt 00:00:25]} Kd7
{[%clk 00:00:26]} {[%emt 00:00:08]} 41. Rd3 {[%clk 00:01:23]} {[%emt 00:00:29]}
Re1+ {[%clk 00:00:23]} {[%emt 00:00:13]} 42. Kd5 {[%clk 00:00:58]} {[%emt
00:00:35]} Re6 {[%clk 00:00:29]} {[%emt 00:00:04]} 43. Kc4 {[%clk 00:01:01]}
{[%emt 00:00:07]} Rxd6 {[%clk 00:00:31]} {[%emt 00:00:08]} 44. Rf3 {[%clk
00:01:10]} {[%emt 00:00:01]} f6 {[%clk 00:00:34]} {[%emt 00:00:07]} 45. g4
{[%clk 00:01:19]} {[%emt 00:00:01]} Rd4+ {[%clk 00:00:39]} {[%emt 00:00:05]} 46.
Kb3 {[%clk 00:01:28]} {[%emt 00:00:01]} Rxg4 {[%clk 00:00:46]} {[%emt
00:00:03]} 47. Rh3 {[%clk 00:01:29]} {[%emt 00:00:09]} h6 {[%clk 00:00:53]}
{[%emt 00:00:03]} 48. a4 {[%clk 00:01:38]} Bc7 {[%clk 00:01:01]} {[%emt
00:00:02]} 49. Rd3+ {[%clk 00:01:40]} {[%emt 00:00:08]} Ke7 {[%clk 00:01:07]}
{[%emt 00:00:03]} 50. Rc3 {[%clk 00:01:09]} {[%emt 00:00:41]} Rg3 {[%clk
00:01:15]} {[%emt 00:00:02]} 0-1